| 000 | 00465cam a2200157u 4500 | ||
|---|---|---|---|
| 082 |
_a621.384 _bSTU _cL-11 P-36, |
||
| 100 | 1 |
_aSturley, Kenneth Reginald. [from old catalog] _941537 |
|
| 245 | 0 | 0 | _aRadio receiver design. |
| 250 | _a2d ed. | ||
| 260 |
_aLondon, _bChapman & Hall, _c1953- |
||
| 300 |
_av. _billus. _c23 cm. |
||
| 526 |
_a0 _b0 _c0 _d621_384000000000000_STU |
||
| 650 | 0 |
_aMCE _9379 |
|
| 650 | 0 |
_aRadio _xReceivers and reception. _941686 |
|
| 942 |
_2ddc _cBK |
||
| 999 |
_c545727 _d545727 |
||